Quizzes
Events
Quiz Creation
Community
Videos
Private Events
Remove Ads
Sign In
Join for FREE
Feedback
Dark Mode
Quiz Categories
Sports
Geography
Music
Movies
Television
Just For Fun
Miscellaneous
History
Literature
Language
Science
Gaming
Entertainment
Religion
Holiday
For Kids
Quiz Lab
Recent
Popular Today
Quiz Kudos Today
Editor Picks
Curator Picks
Quizzes by...
Day
Popularity
Type
Ratings
Length
Year
Community
Subscriptions
Recent Discussions
Orange Saloon
Badges
Playlists
Quests
Create
Leaderboards
Showdown
Live 5
Trivia Bingo
Activity
Puzzle Library
Sporcle Events
Private Events
Virtual Trivia
Globe League
Become a Host
Pub Owners
SporcleCon
Opinionation
Our Games
Videos
Blog
Mobile Apps
Partnerships
Remove Ads and Go Orange
Feedback
Movies
Disney
Marvel Cinematic Universe
Movie Resume
Movie Titles
Oscar
Actor
Actress
Director
Pixar
Role
Movie Quotes
Movie Characters
Box Office
Nominee
Best Picture
Star Wars
James Bond
Horror Movies
Movies
Disney
Marvel Cinematic Universe
Movie Resume
Movie Titles
Oscar
Actor
Actress
Director
Pixar
Role
Movie Quotes
Movie Characters
Box Office
Nominee
Best Picture
Star Wars
James Bond
Horror Movies
Random Quiz
Search Sporcle
×
Quiz Lab
Quiz Lab
Movies
King
Type in answers that appear in a list
Type in answers that appear in a list
Classic
Best Score? Go Orange.
The Lion King Stats
Can you name the The Lion King?
By
bookworm1016
7m
26 Questions
6,659 Plays
6,659 Plays
6,659 Plays
Comments
Comments
Give Quiz Kudos
Give Quiz Kudos
-
- Ratings
hide this ad
Forced Order
Answers have to be entered in order
Answers have to be entered in order
Replay
Link that replays current quiz
Next Quiz
Link to next quiz in quiz playlist
You Got
0%
They Got
Avg Score
73%
Avg Friend Score
Upgrade to see
Score Distribution
Jump to the score distribution portion of the page
Score
0/26
Timer
07:00
0
Plays Today
Clue
Answer
% Correct
The main character:
Simba
99.3%
King's brother
Scar
97.9%
Main Character's father:
Mufasa
96.3%
Where the movie takes place:
Africa
94%
Main character's best friend
Nala
93.7%
Wise monkey who paints pictures inside a tree
Rafiki
90.4%
Meerkat
Timon
90%
Song sung at the very beginning
Circle of Life
86.9%
King's counselor (hornbill)
Zazu
85.3%
Oh I just can't wait! To be _
_
_
_
_
_
_
_
King
84.7%
The King's death is planned by:
Scar
80.1%
The warthog and meerkat feast off of:
Grubs
78.5%
What's the upbeat motto meaning, 'no worries'
Hakuna Matata
77%
Clue
Answer
% Correct
Other, incomprehensible, hyena
Ed
76.6%
Warthog
Pumbaa
75.4%
Song sung about the change in relationship between the main character and his childhood friend
Can You feel the Love Tonight
74.9%
Main character's mother
Sarabi
68.8%
Song sung by the angry uncle, and hyenas
Be Prepared
67%
What are the stars rumored to be?
Great Kings of the Past
62.6%
Female hyena
Shenzi
59%
While imprisoned, the hornbill begins singing what song?
It's A Small World and I've Got a Lovely Bunch of Coconuts
51.1%
Where does the uncle trick the prince into going
An Elephant Graveyard
50.6%
Male hyena
Banzai
48.4%
What kind of game does the Uncle despise?
Guessing Games
44.4%
The King is killed during a stampede of what animal
Wildebeest
41.1%
The name of the King's domain
The Pride Lands
37.5%
Quiz Playlist
Details
Report
Send in Message
Add To Playlist
Classic:
Type in answers that appear in a list
Forced Order:
Answers have to be entered in order
Last Updated: Mar 28, 2017
Quiz Scoreboard
CHALLENGE
Sign Up to Join the Scoreboard
Show All
Scores
Hide
Comments
May contain spoilers
Recently Published
1-10 Letter E Words III
by El_Dandy
Language
2m
One Thing in Common: World Cities II
by knightlancer
Geography
7m
Popular People in 1961
by mucciniale
History
6m
More to Explore
Quiz From the Vault
Featured Blog Post
Where Did the Easter Bunny Come From?
hide this ad
You Might Also Like...
Tags
King
lion
The Lion King
Today's Top Quizzes in Movies
Browse Movies
hide this ad
Today's Top Quizzes in King
Browse King
Top Contributed Quizzes in Movies
1
Multi-Oscar Nominations, One Movie, One Winner
2
12 Movies about Fictional 1960s Events
3
One Thing in Common: Movies
4
Three Word 'T' Movies Match Up
5
Sunday Crossword: Film Score Composers
6
One Thing in Common: Movies II
7
Three Word 'H' Movies Match Up
8
Three Word 'M' Movies Match Up
9
One Thing in Common: Oscars
10
Three Word 'P' Movies Match Up
Explore More
Trending Topics
Marvel
Kpop
Harry Potter
Anime
NBA
Crossword
Disney
Soccer
NFL
WWE
Pokémon
The Office
Country
Puzzle
Song
hide this ad
More By:
bookworm1016
Quiz
Plays
Rating
Category
Featured
Created
The Lightning Thief
91,152
3.94
Literature
Jan 11, 2010
The Lion King
6,659
2.69
Movies
Jan 4, 2010
Disney's Robin Hood
2,919
3.54
Movies
Jan 6, 2010
The Matrix
1,345
3.40
Movies
Jan 24, 2010
Vienna Lyrics by Billy Joel
952
4.86
Music
May 30, 2010
Go to Creator's Profile
Score Distribution
Quiz Creator Spotlight
bookworm1016
Follow
Send a Message
Quizzes Created
-
Created Quiz Play Count
-
More By This Creator
Popular Quizzes Today
1
Find the US States - No Outlines Minefield
2
Find the Countries of Europe - No Outlines Minefield
3
The Countries of the World
4
Popular People in 1961
5
1-10 Letter E Words III
6
Find the US States
7
One Thing in Common: World Cities II
8
US States
More Movies Quizzes
5-Star Best Picture Winners
Published
Trending Quizzes
Risky Map Clicking: Least Populous States A-Z
1-10 Letter F Words
1-10 Letter G Words
One Thing in Common: United Kingdom
Risky Map Clicking: Next State Alphabetically
Recently Updated
Leaping Animals
pecheneg
Reality TV Shows (A-Z)
bhenderson79
Rickey Henderson's Hall of Fame Teammates
pecheneg
Champions League XIs: Arsenal
pecheneg
Quick Pick: Celebrities in WWE's Hall of Fame
aduchscher
A-Z Keypad Blitz II
pecheneg
Multiple Oscar Actors
pecheneg
Mystery Phrase Blitz: Oscar 'Best Actors'
pecheneg
F. Scott Fitzgerald Novels
LTH
Pick 3 Villains
ddd62291
Trending Topics
Marvel
Harry Potter
Disney
NBA
Anime
Kpop
Crossword
WWE
Country
NFL
Song
The Office
Soccer
Pokémon
Puzzle
Your Account Isn't Verified!
In order to create a playlist on Sporcle, you need to verify the email address you used during registration. Go to your
Sporcle Settings
to finish the process.
Report this User
Report this user for behavior that violates our
Community Guidelines
.
Details:
Send Report
Go to the Sporcle.com Mobile Site →
Comments